000 00567nam a2200181Ia 4500
005 20250508155440.0
008 008 250505s9999 xx 000 0 eng d
037 _aTextual
040 _aFEDL
_beng
_cFEDL
041 _aeng
_2eng
084 _a307.72, IND
_qFEDL
245 0 _aSyllabus for orientation training of community development personnel
245 0 _cIndia, Government.... Ministry of Community Development Panchayati Raj and Cooperation
260 _c1962
300 _a29p
942 _cTEXL
_h307.72, IND
999 _c1356988
_d1356988